Quizzes
Events
Quiz Creation
Community
Videos
Private Events
Remove Ads
Sign In
Join for FREE
Feedback
Dark Mode
Quiz Categories
Sports
Geography
Music
Movies
Television
Just For Fun
Miscellaneous
History
Literature
Language
Science
Gaming
Entertainment
Religion
Holiday
For Kids
Quiz Lab
Recent
Popular Today
Quiz Kudos Today
Editor Picks
Curator Picks
Quizzes by...
Day
Popularity
Type
Ratings
Length
Year
Community
Subscriptions
Recent Discussions
Orange Saloon
Badges
Playlists
Quests
Create
Leaderboards
Showdown
Live 5
Trivia Bingo
Activity
Puzzle Library
Sporcle Events
Private Events
Virtual Trivia
Globe League
Become a Host
Pub Owners
SporcleCon
Opinionation
Our Games
Videos
Blog
Mobile Apps
Partnerships
Remove Ads and Go Orange
Feedback
Television
TV Characters
TV Show
Sitcom
Network
Friends
Reality Shows
Cast
South Park
Star Trek
The Simpsons
Doctor Who
Television
TV Characters
TV Show
Sitcom
Network
Friends
Reality Shows
Cast
South Park
Star Trek
The Simpsons
Doctor Who
Random Quiz
Search Sporcle
×
Quiz Lab
Quiz Lab
Television
scotch
Type in answers that appear in a list
Type in answers that appear in a list
Classic
Best Score? Go Orange.
Seinfeld - Kramer's Hennigan's Commercial Stats
Can you name the words in Kramer's fake commercial for Hennigan's scotch?
By
Government_Agent
5m
96 Questions
158 Plays
158 Plays
158 Plays
Comments
Comments
Give Quiz Kudos
Give Quiz Kudos
-
- Ratings
hide this ad
More Info
Replay
Link that replays current quiz
Next Quiz
Link to next quiz in quiz playlist
You Got
0%
They Got
Avg Score
57%
Avg Friend Score
Upgrade to see
Score Distribution
Jump to the score distribution portion of the page
Score
0/96
Timer
05:00
0
Plays Today
% Correct
I
98.7%
I
98.7%
I...
98.7%
H
98.1%
E
97.5%
And
96.2%
and
96.2%
*George enters, some non-Hennigan's dialogue happens*
96.2%
a
96.2%
and
96.2%
a
96.2%
a
96.2%
and
96.2%
a
96.2%
and
96.2%
And
96.2%
N
96.2%
Jerry: Kramer! Kramer! Yeah, that'll do.
96.2%
*Singing*
96.2%
Hennigan's
89.2%
Hennigan's
89.2%
Hennigan's.
89.2%
Hennigan's
89.2%
you
87.3%
you
87.3%
you
87.3%
No
80.4%
no
80.4%
no
80.4%
smell.
77.2%
smell!
77.2%
smell,
77.2%
% Correct
don't
72.2%
don't
72.2%
scotch.
69.6%
double
66.5%
of
65.8%
tell,
65.8%
of
65.8%
of
65.8%
be
65.8%
be
65.8%
that
64.6%
had
57%
in
55.1%
even
53.2%
just
53.2%
to
49.4%
shots
47.5%
shots
47.5%
That's
46.8%
three
46.8%
That's
46.8%
little
44.3%
little
44.3%
it's
43%
as
41.8%
as
41.8%
our
40.5%
drunk
39.9%
all
39.9%
smooth.
38%
right
38%
secret.
37.3%
% Correct
interview
36.1%
you'll
35.4%
job
34.8%
why
34.8%
day!
34.2%
you're
34.2%
down
33.5%
could
33.5%
got
33.5%
time!
33.5%
it'll
33.5%
goose
32.3%
goes
31.6%
Say
31.6%
loose
31.6%
well
30.4%
folks,
29.1%
couple
28.5%
afterwards
27.8%
nervous,
27.2%
big
26.6%
ready
26.6%
because
26.6%
walk
24.1%
odourless,
24.1%
around
23.4%
back
19%
Imagine:
18.4%
Boy
18.4%
throw
17.7%
Mmm...
16.5%
roll
13.9%
Quiz Playlist
Details
Report
Send in Message
Add To Playlist
More Info:
From Seinfeld Season 3, Episode 12: The Red Dot. Starts after he says "This is damn good scotch. I gotta do a commercial for this stuff!"
Classic:
Type in answers that appear in a list
Quiz Source
Last Updated: Feb 16, 2017
Quiz Scoreboard
CHALLENGE
Sign Up to Join the Scoreboard
Show All
Scores
Hide
Comments
May contain spoilers
Recently Published
Presidents Visiting Landmarks
by Hejman
History
7m
An Introduction to Baseball
by treessimontrees
Sports
5m
Movies - When Are They Set?
by FPL_Elf
Movies
5m
More to Explore
Quiz From the Vault
Featured Blog Post
Where Did the Easter Bunny Come From?
hide this ad
You Might Also Like...
Tags
Commercial
Cosmo Kramer
elaine
Elaine Benes
george
George Costanza
Jerry
Kramer
scotch
Seinfeld
Seinfeld Quotes
Today's Top Quizzes in Television
Browse Television
hide this ad
Top Contributed Quizzes in Television
1
5-to-1: The Simpsons Families
2
5-to-1: Television Doctors
3
7-to-1: TV Show Settings
4
One Piece Logic Puzzle
5
5-to-1: Streaming Originals
6
Survivor Seasons
7
Survivor Logic Puzzle: Heroes vs. Villains
8
TV Shows by First Names
9
Survivor Season by Logo
10
One Thing in Common: Television
Explore More
Trending Topics
Harry Potter
Marvel
Crossword
Disney
Kpop
NBA
Anime
Pokémon
Soccer
NFL
Puzzle
Song
Country
WWE
The Office
hide this ad
More By:
Government_Agent
Quiz
Plays
Rating
Category
Featured
Created
True or False Logic Quiz
4,820,356
4.20
Just For Fun
Dec 20, 2012
Homophones
183,468
4.19
Language
Oct 3, 2009
Vince McMahon's WWE PPV Opponents
85,454
4.26
Sports
Nov 24, 2009
Valorant - Abilities of Each Agent
59,652
4.41
Gaming
Jul 17, 2020
Shawn Michaels' WWE PPV Opponents 02-10
18,271
4.00
Sports
Nov 1, 2009
Go to Creator's Profile
Score Distribution
Quiz Creator Spotlight
Government_Agent
Follow
Send a Message
Quizzes Created
-
Created Quiz Play Count
-
More By This Creator
Popular Quizzes Today
1
Find the US States - No Outlines Minefield
2
Find the Countries of Europe - No Outlines Minefield
3
The Countries of the World
4
Find the US States
5
Popular People in 1961
6
US States
7
Risky Map Clicking: Biggest States A-Z
8
Movies - When Are They Set?
More Television Quizzes
Find the 2010s Cartoons
Editor's Pick
Trending Quizzes
Risky Map Clicking: Least Populous States A-Z
1-10 Letter G Words
1-10 Letter F Words
Risky Map Clicking: Next State Alphabetically
Risky Map Clicking: Biggest States A-Z
Recently Updated
Leaping Animals
pecheneg
Reality TV Shows (A-Z)
bhenderson79
Rickey Henderson's Hall of Fame Teammates
pecheneg
Champions League XIs: Arsenal
pecheneg
Quick Pick: Celebrities in WWE's Hall of Fame
aduchscher
A-Z Keypad Blitz II
pecheneg
Multiple Oscar Actors
pecheneg
Mystery Phrase Blitz: Oscar 'Best Actors'
pecheneg
F. Scott Fitzgerald Novels
LTH
Pick 3 Villains
ddd62291
Trending Topics
Kpop
Anime
Crossword
Harry Potter
NBA
Marvel
Disney
NFL
The Office
WWE
Soccer
Country
Song
Pokémon
Puzzle
Your Account Isn't Verified!
In order to create a playlist on Sporcle, you need to verify the email address you used during registration. Go to your
Sporcle Settings
to finish the process.
Report this User
Report this user for behavior that violates our
Community Guidelines
.
Details:
Send Report
Go to the Sporcle.com Mobile Site →
Comments